=LDR 00000nam 2200000 4500 =001 INLIS000000000013580 =005 20130612104942 =008 ***********************************Ind** =035 ##$$0010-061300000013580 =041 ##$$a Ind =082 ##$$a 028.5 =090 ##$$a 028.5, Asw h =100 ##$$a Aswan, Nurhayati =245 ##$$a Hari - hari bahagia bukal kerupuk udang, Nurhayati Aswan =260 ##$$a 1999 $b Bandung =300 ##$$a 81 hlm, Ilus, 21 cm =650 ##$$a Bacaan kanak-kanak =850 ##$$a NBPNMAT